000 00347nam a2200133 i 4500
001 bg
100 1 _aDEJZEROV, Mikołaj M.
245 0 _aWładza i autorytet :
_bkrytyka burżuazyjnych teorii /
_cMikołaj M. Dejzerov.
260 _aWarszawa,
_c1976.
040 _cBPK
041 _apol
942 _cKS
008 s pl f |000 0 pol
999 _c26871
_d26871
856 _uhttp://koha.tu.koszalin.pl/cgi-bin/koha/opac-detail.pl?biblionumber=26871
_yKatalog online BPK